| 000 | 01016nam0a22002531 4500 | ||
|---|---|---|---|
| 001 | rc\4191395 | ||
| 005 | 20260408083416.0 | ||
| 021 |
_aRU _b[49-35819] |
||
| 035 | _a(NLR Aleph) 007904883 | ||
| 090 |
_a8060834 _c8060834 |
||
| 100 | _a20130415d1949 |||y0rusy50 ca | ||
| 101 | 0 | _arus | |
| 102 | _aRU | ||
| 105 | _ay z ||||| | ||
| 200 | 1 |
_aКонституция (Основной закон) Союза Советских Социалистических республик _eС изм. и доп., принятыми на I, III, IV и V сессиях Верховного Совета СССР второго созыва |
|
| 210 |
_a[Новгород] _cНовгор. обл. изд-во _d1949 _gНовгор. обл. тип. |
||
| 215 |
_a28 с. _d19 |
||
| 606 |
_aКонституция СССР _2psbo |
||
| 740 | 1 |
_aСССР _tКонституция _f1936 _3RU\NLR\AUTH\8810166668 _9829265 |
|
| 801 | 0 |
_aRU _bNLR _gpsbo |
|
| 801 | 1 |
_aRU _bELAR _2rusmarc |
|
| 852 |
_aNLR _jП20 /715 |
||
| 942 | _cBOOK | ||
| 980 | _aNB | ||